| 000 | 00000nam 2200000za 4500 |
| 001 | 9.800249 |
| 003 | CaOODSP |
| 005 | 20250506145325 |
| 007 | cr ||||||||||| |
| 008 | 150420s1979 onc #o f000 0 fre d |
| 040 | |aCaOODSP|bfre |
| 043 | |an-cn-- |
| 086 | |aA63-1450/1979F-PDF |
| 100 | 1 |aFisher, L. J. |
| 245 | 10|aMinéraux et vitamines pour le bétail laitier |h[ressource électronique] / |cL.J. Fisher et D.E. Waldern. |
| 250 | |aRév. |
| 260 | |aOttawa : |bAgriculture Canada, |cc1979. |
| 300 | |a24 p. |b |
| 500 | |aÉd. originale : 1972. |
| 500 | |aPublication historique numérisée 2012 [par Agriculture et Agroalimentaire Canada]. |
| 500 | |aÉgalement disponible en anglais sous le titre : Minerals and vitamins for dairy cows. |
| 692 | 07|2gccst|aBétail |
| 692 | 07|2gccst|aAlimentation animale |
| 700 | 1 |aWaldern, D.E. |
| 710 | 1 |aCanada.|bAgriculture Canada. |
| 775 | 08|tMinerals and vitamins for dairy cows |w(CaOODSP)9.800246 |
| 856 | 40|qPDF|s1319 Ko|uhttps://publications.gc.ca/collections/collection_2015/aac-aafc/A63-1450-1979-fra.pdf |
| 986 | |aPublication 1450 |